Ville Fortnite - Statistiques

Statistiques générales
  • Ce quiz a été pris 400 fois
  • Le résultat moyen est 3 sur 8
Statistiques - réponses
Par images Réponse % Correct
Tilted Towers
99%
L'Agence
67%
Lucky Landing
45%
Holly Hatchery
28%
Le Bloc
28%
Coral castle
22%
Sweaty sands
18%
Anvil Square
5%
Aucun quiz correspondant
Distribution des résultats
% des personnes avec chaque résultat
Percentile par nombre de réponses
Votre historique - résultats
Vous n’avez pas pris ce quiz